Wetterzeichen : Gedichte /

Hlavní autor: Bobrowski, Johannes, 1917-1965
Jazyk: Němčina
Vydáno: Berlin : Union, 1966
Fyzický popis: 86 s.
Knihy
Uloženo v:
LEADER 00572nam a22001932a 4500
001 000949344
003 CZ BrMZK
005 20090922095135.0
007 ta
008 090624s1966 gw er|||||||||||ger d
040 |a BOA001  |b cze 
100 1 |a Bobrowski, Johannes,  |d 1917-1965  |7 jn20000700193  |4 aut 
245 1 0 |a Wetterzeichen :  |b Gedichte /  |c Johannes Bobrowski 
260 |a Berlin :  |b Union,  |c 1966 
300 |a 86 s. 
910 |a BOA001  |b 1-0585.652 
990 |a BK 
991 |b 200906 
996 7 |b 2619328608  |c 1-0585.652  |l MZK  |r Sklad / do 1 hodiny  |n 1  |w 000949344  |u 000010  |a 1  |e BOA001  |j MZK50  |s A